000 00449nam a2200145Ia 4500
008 100122s9999 xx 000 0 und d
082 _b3926
_a823
100 _aकंटक प्रेमा
245 _aकाम आणि कामिनी
260 _bप्रकाशक शोधणे
_c1924
300 _a50
630 _aकाम आणि कामिनी
730 _aकाम आणि कामिनी
942 _cBOOK
999 _c397746
_d397743